Catalog

Record Details

Catalog Search



Kabinet smíchu : almanach literárního humoru  Cover Image Book Book

Kabinet smíchu : almanach literárního humoru / [uspořádali J. Just a Z. Blažek ; ilustrace Jindřich Strašnov]

Strašnov, Jindřich (Illustrator). Just, Jiří, 1941- (Compiler). Blažek, Zdeněk, 1952- (Compiler).

Record details

  • ISBN: 80-902310-0-4
  • Physical Description: 217, [8] s. : il. ; 20 cm
  • Publisher: Praha : Vera, 1997

Content descriptions

General Note:
Pozn. o autorech
Genre: komentovaná vydání
výbory

Available copies

  • 1 of 1 copy available at Common Catalog SPOK.

Holds

  • 0 current holds with 1 total copy.
Show Only Available Copies
Location Call Number / Copy Notes Barcode Shelving Location Status Due Date
KDS Library 810 JuJ (870) 204576802810 Headmaster (ask librarian) Available -

LDR 01071nam a2200325 a 4500
00122177
003CZ-PrJAB
00520150720124532.0
007tu
008980206s1997 xr af e 000 m cze
015 . ‡acnb000293677
020 . ‡a80-902310-0-4 ‡q(brož.)
035 . ‡a(CZ PrNK)cpk19980293677
035 . ‡a(OCoLC)38974204
040 . ‡aABA001 ‡bcze
072 7. ‡a821.162.3 ‡xČeská literatura ‡2Konspekt ‡925
080 . ‡a82.033 ‡2undef
080 . ‡a885.0-7 ‡2undef
24500. ‡aKabinet smíchu : ‡balmanach literárního humoru / ‡c[uspořádali J. Just a Z. Blažek ; ilustrace Jindřich Strašnov]
2463 . ‡aAlmanach literárního humoru
260 . ‡aPraha : ‡bVera, ‡c1997
300 . ‡a217, [8] s. : ‡bil. ; ‡c20 cm
500 . ‡aPozn. o autorech
655 7. ‡akomentovaná vydání ‡7fd132577 ‡2czenas
655 7. ‡avýbory ‡7fd133853 ‡2czenas
7001 . ‡aStrašnov, Jindřich ‡4ill
7001 . ‡aJust, Jiří, ‡d1941- ‡7jn99240000398 ‡4com
7001 . ‡aBlažek, Zdeněk, ‡d1952- ‡7jk01012336 ‡4com
910 . ‡aABE463
998 . ‡a000293677
901 . ‡a22177 ‡b ‡c22177 ‡tbiblio

Additional Resources